Wörter: Real oder Fake- Sudden Death - Statistiken

Allgemein
  • Dieses Quiz wurde 187 mal gespielt
  • Das Durchschnittsergebnis liegt bei 3 aus 8
Answers on the Grid
Answers color-coded by a green-red scale on the quiz's grid according to % correct below.
tändeln
verdrießlich
Dyskertisation
übertrillern
dünken
blenkelig
geziemend
dünkelweich
haselieren
klumpfiedrig
Fuchtel
Sorgensäule
Nachtschallung
Schrumpfmut
düpieren
Grammligkeit
 
Antwortstatistiken
Antwort % Korrekt
Fuchtel
62%
verdrießlich
53%
tändeln
52%
dünken
50%
düpieren
50%
geziemend
36%
Sorgensäule
19%
haselieren
7%
Keine übereinstimmenden Quizze gefunden
Verteilung der Resultate
Anzahl Personen mit jedem Resultat
Perzentil nach korrekt beantworteten Fragen
Ihre Resultats-Entwicklung
Sie haben dieses Quiz noch nicht gespielt